Hydrology for Engineers (Record no. 553978)
[ view plain ]
| 000 -LEADER | |
|---|---|
| fixed length control field | 00302nam a22001097a 4500 |
| 082 ## - DEWEY DECIMAL CLASSIFICATION NUMBER | |
| Classification number | 27175 |
| 100 ## - MAIN ENTRY--PERSONAL NAME | |
| Personal name | RAY K. LINSLEY, JR. MAX A. KOHLER |
| 9 (RLIN) | 51247 |
| 245 ## - TITLE STATEMENT | |
| Title | Hydrology for Engineers |
| 260 ## - PUBLICATION, DISTRIBUTION, ETC. | |
| Place of publication, distribution, etc. | McGraw-Hill Book Company |
| Name of publisher, distributor, etc. | London |
| Date of publication, distribution, etc. | 1988 |
| 526 ## - STUDY PROGRAM INFORMATION NOTE | |
| Program name | 0 |
| Interest level | 0 |
| Reading level | 0 |
| Title point value | 27175_000000000000000 |
| 942 ## - ADDED ENTRY ELEMENTS (KOHA) | |
| Source of classification or shelving scheme | |
| Koha item type | Book |
| Withdrawn status | Lost status | Source of classification or shelving scheme | Damaged status | Not for loan | Permanent Location | Current Location | Date acquired | Total Checkouts | Full call number | Barcode | Date last seen | Date last checked out | Price effective from | Koha item type |
|---|---|---|---|---|---|---|---|---|---|---|---|---|---|---|
| Military College of Engineering (MCE) | Military College of Engineering (MCE) | 09/21/2017 | 1 | 27175 | MCE-27175 | 01/23/2018 | 09/21/2017 | 09/21/2017 | Book |
